| 000 | 00455nam a2200181Ia 4500 | ||
|---|---|---|---|
| 005 | 20250423094428.0 | ||
| 008 | 250422s9999 xx 000 0 und d | ||
| 020 | _a9789384866167 | ||
| 050 | _aPN 4775 .S56/ | ||
| 100 | _aSingh, Nishant | ||
| 245 | 3 | _aAn introduction to Journalism : principles and techniques | |
| 260 | _aDelhi | ||
| 260 | _bAncient Publishing House | ||
| 260 | _c2014 | ||
| 300 | _a304 p | ||
| 650 | _aJournalism. | ||
| 942 | _cBK | ||
| 999 |
_c27213 _d27213 |
||